Normal view
MARC view
Entry Personal Name
001 - CONTROL NUMBER
- control field: 3835
003 - CONTROL NUMBER IDENTIFIER
- control field: OSt
005 - DATE AND TIME OF LATEST TRANSACTION
- control field: 20150414164820.0
008 - FIXED-LENGTH DATA ELEMENTS
- fixed length control field: 150414|| aca||aabn | a|a d
040 ## - CATALOGING SOURCE
- Original cataloging agency: OSt
- Transcribing agency: OSt
100 ## - HEADING--PERSONAL NAME
- Personal name: Heining Mark
670 ## - SOURCE DATA FOUND
- Source citation: Work cat.: (OSt): Alan Aitkenhead 3834, Essential Anaesthesia for medical students /, 1996.
